Well done, secret seven / (Record no. 13168)

MARC details
000 -LEADER
fixed length control field 03576nam a22005177a 4500
001 - CONTROL NUMBER
control field B-266284-303
003 - CONTROL NUMBER IDENTIFIER
control field dpl
005 - DATE AND TIME OF LATEST TRANSACTION
control field 20080716110741.0
008 - FIXED-LENGTH DATA ELEMENTS--GENERAL INFORMATION
fixed length control field 080530t xxu||||| |||| 00| 0 eng d
010 ## - LIBRARY OF CONGRESS CONTROL NUMBER
LC control number B-266284-303
020 ## - INTERNATIONAL STANDARD BOOK NUMBER
International Standard Book Number 0340893095
Terms of availability 60.00
035 ## - SYSTEM CONTROL NUMBER
System control number B-266284-303
037 ## - SOURCE OF ACQUISITION
Source of stock number/acquisition Blue Berry
040 ## - CATALOGING SOURCE
Original cataloging agency DPL
Language of cataloging EN
082 ## - DEWEY DECIMAL CLASSIFICATION NUMBER
Classification number S
100 ## - MAIN ENTRY--PERSONAL NAME
Personal name Blyton, Enid
245 ## - TITLE STATEMENT
Title Well done, secret seven /
Statement of responsibility, etc by Enid Blyton
260 ## - PUBLICATION, DISTRIBUTION, ETC. (IMPRINT)
Place of publication, distribution, etc London
Name of publisher, distributor, etc Hodder Headline
Date of publication, distribution, etc 2004
270 ## - ADDRESS
City London
Address 338 Euston Raod
300 ## - PHYSICAL DESCRIPTION
Extent 122p.
Dimensions 18 cm (Hb)
490 ## - SERIES STATEMENT
Series statement The secret seven 3
942 ## - ADDED ENTRY ELEMENTS (KOHA)
Source of classification or shelving scheme Dewey Decimal Classification
Koha item type Children Books
Classification part S
Call number suffix BLY
Holdings
Withdrawn status Lost status Damaged status Not for loan Collection code Home library Current library Date acquired Cost, normal purchase price Total Checkouts Full call number Barcode Date last seen Copy number Cost, replacement price Price effective from Koha item type Total Renewals Date checked out Source of acquisition
Withdrawn       Fiction Andrews Gunj Andrews Gunj 16/07/2008 60.00   S / BLY B-266293 15/09/2008 1 60.00 15/09/2008 Children Books      
        Fiction Central Library Central Library 16/07/2008 60.00 2 S / BLY B-266289 07/01/2023 1 60.00 15/09/2008 Children Books 1 03/01/2023  
        Fiction Jagrati Enclave Jagrati Enclave 16/07/2008 60.00   S / BLY B-266301 15/09/2008 1 60.00 15/09/2008 Children Books      
        Fiction Jor Bagh (Children Lib) Jor Bagh (Children Lib) 16/07/2008 60.00 2 S / BLY B-266295 11/08/2019 1 60.00 15/09/2008 Children Books   07/07/2019  
        Fiction Karol Bagh Karol Bagh 16/07/2008 60.00   S / BLY B-266297 15/09/2008 1 60.00 15/09/2008 Children Books      
        Fiction Mobile Library Mobile Library 02/06/2008 60.00   S / BLY B-266284 15/09/2008 4 60.00 15/09/2008 Children Books      
        Fiction Mobile Library Mobile Library 16/07/2008 60.00   S / BLY B-266285 15/09/2008 4 60.00 15/09/2008 Children Books      
        Fiction Mobile Library Mobile Library 16/07/2008 60.00   S / BLY B-266286 15/09/2008 4 60.00 15/09/2008 Children Books      
        Fiction Mobile Library Mobile Library 16/07/2008 60.00   S / BLY B-266287 15/09/2008 4 60.00 15/09/2008 Children Books      
        Fiction Netaji Nagar Netaji Nagar 16/07/2008 60.00   S / BLY B-266296 15/09/2008 1 60.00 15/09/2008 Children Books      
        Fiction New Police Line New Police Line 16/07/2008 60.00   S / BLY B-266288 15/09/2008 1 60.00 15/09/2008 Children Books      
        Fiction Patel Nagar Patel Nagar 16/07/2008 60.00   S / BLY B-266290 15/09/2008 1 60.00 15/09/2008 Children Books      
        Fiction R.C.Libraries (zls) R.C.Libraries (zls) 16/07/2008 60.00 4 S / BLY B-266302 22/02/2020 2 60.00 15/09/2008 Children Books   30/01/2020  
        Fiction R.C.Libraries (zls) R.C.Libraries (zls) 16/07/2008 60.00   S / BLY B-266303 15/09/2008 2 60.00 15/09/2008 Children Books      
        Fiction R.K.Puram-8 R.K.Puram-8 16/07/2008 60.00   S / BLY B-266292 15/09/2008 1 60.00 15/09/2008 Children Books      
        Fiction Sarojini Nagar Sarojini Nagar 16/07/2008 60.00   S / BLY B-266291 15/09/2008 1 60.00 15/09/2008 Children Books      
        Fiction Shahdara Branch Shahdara Branch 16/07/2008 60.00 1 S / BLY B-266298 29/11/2019 1 60.00 15/09/2008 Children Books   19/11/2019  
        Fiction Sriniwas Puri Sriniwas Puri 16/07/2008 60.00   S / BLY B-266294 15/09/2008 1 60.00 15/09/2008 Children Books      
        Fiction Vigyan Vihar Vigyan Vihar 16/07/2008 60.00   S / BLY B-266300 15/09/2008 1 60.00 15/09/2008 Children Books      
        Fiction Vinoba Puri Vinoba Puri 04/09/2008 60.00 16 S BLY B-284767 26/03/2024 1 60.00 15/09/2008 Children Books 2 21/03/2024 Blueberry/4571/19.8.08/192/21.7.08/19.8.08
        Fiction Yojana Vihar Yojana Vihar 16/07/2008 60.00 1 S / BLY B-266299 26/10/2020 1 60.00 15/09/2008 Children Books   19/10/2020  

© Delhi Public Library
Hit Counter
free hit counter